| 000 | 00751nam a22002292 4500 | ||
|---|---|---|---|
| 001 | 0000019473 | ||
| 005 | 20151217145916.0 | ||
| 008 | 101207s xx 000 0 eng d | ||
| 020 | _a0521612883 : | ||
| 040 |
_aKABU _cKABU |
||
| 100 | 1 |
_aHuddleston, Rodney. _@0000152027 |
|
| 245 | 1 | 2 |
_aA Student's introduction to English grammar / _cRodney Huddleston, Geoffrey K. Pullum. |
| 250 | _a1st ed. | ||
| 260 |
_aCambridge : _bC. U. P., _c2005. |
||
| 300 | _aviii, 312 p. | ||
| 650 | 0 |
_aEnglish language _xGrammar. _@0000151342 |
|
| 700 | 1 |
_aPullum, Geoffrey K. _@0000179191 |
|
| 852 | 1 | _9p2210 KES | |
| 852 | 1 | _9p2210 KES | |
| 908 | _a101207 | ||
| 950 | _@1 | ||
| 999 |
_c3945 _d3945 |
||